000 01019cam a2200289 a 4500
999 _c5334
_d5334
001 12752499
003 OSt
005 20200224112332.0
008 020424s2003 nyua b 001 0 eng
010 _a 2002105823
020 _a9780716776949
020 _a0716770415
035 _a(DLC) 2002105823
040 _cDDC.
082 0 0 _a543HAR 2007.
100 1 _aHarris, Daniel C.,
_98281
245 1 0 _aQuantitative chemical analysis /
_cDaniel C. Harris.
250 _a7th ed.
260 _aNew York :
_bW.H. Freeman and Co.,
_c2007.
300 _a663p;
_bcol.ill;
_c26 cm.
504 _aIncludes bibliographical references and index.
650 0 _aChemistry, Analytic
_xQuantitative.
_98274
856 4 2 _3Publisher description
_uhttp://www.loc.gov/catdir/enhancements/fy0912/2002105823-d.html
906 _a7
_bcbc
_corignew
_d3
_eepcn
_f20
_gy-gencatlg
942 _2ddc
_cO_SHELF